| 000 | 00000nas 2200000za 4500 |
| 001 | 9.840912 |
| 003 | CaOODSP |
| 005 | 20221107151948 |
| 007 | cr ||||||||||| |
| 008 | 170802d20132020oncar psos f0 a0eng|d |
| 040 | |aCaOODSP|beng |
| 043 | |an-cn--- |
| 086 | 1 |aNS1-34E-PDF |
| 110 | 2 |aNatural Sciences and Engineering Research Council of Canada. |
| 245 | 10|aCompetition statistics, Discovery Grants (DG) and Research Tools and Instruments (RTI) programs |h[electronic resource]. |
| 246 | 3 |iIssues 2018-2020 have title: |aCompetition statistics, Discovery Grants, Research Tools and Instruments and Subatomic Physics programs |
| 260 | |a[Ottawa] : |bNatural Sciences and Engineering Research Council of Canada |
| 310 | |aAnnual |
| 362 | 1 |aBegan with 2013; ceased with 2020. |
| 500 | |aCaption title. |
| 500 | |aIssued also in French under title: Statistiques sur le concours de subventions à la découverte (SD) et d’outils et d’instruments de recherche (OIR) de ... |
| 520 | 2 |a"This report includes tables and figures that provide summary information on the Discovery Grants and Research Tool and Instruments Competitions. More detailedstatistics are also included" |
| 692 | 07|2gccst|aScholarships |
| 692 | 07|2gccst|aPublic funding |
| 775 | 08|tStatistiques sur le concours de subventions à la découverte (SD) et d'outils et d’instruments de recherche (OIR) de ...|w(CaOODSP)9.840917 |
| 780 | 00|tCompetition statistics, Discovery Grants Program |w(CaOODSP)9.840910 |